[Event "10th Norway Blitz 2022"]
[Site "Stavanger NOR"]
[Date "2022.05.30"]
[Round "1.1"]
[White "Radjabov, Teimour"]
[Black "Carlsen, Magnus"]
[Result "1/2-1/2"]
[WhiteTitle "GM"]
[BlackTitle "GM"]
[WhiteElo "2753"]
[BlackElo "2864"]
[WhiteFideId "13400924"]
[BlackFideId "1503014"]
[EventDate "2022.05.30"]

1. d4 Nf6 2. c4 g6 3. Nc3 d5 4. Bg5 c5 5. Bxf6 exf6 6. cxd5 Qb6 7. e3 cxd4 8.
Bb5+ Bd7 9. Qxd4 Qxd4 10. exd4 a6 11. Bc4 Bc8 12. Nf3 Nd7 13. O-O Nb6 14. Rfe1+
Kd8 15. Bb3 Bg4 16. Nd2 Nc8 17. Nde4 Bf5 18. Nxf6 Nd6 19. h3 Bg7 20. Ng4 Bxd4
21. Rad1 Bxc3 22. bxc3 Bxg4 23. hxg4 h5 24. gxh5 Rxh5 25. c4 Rc8 26. Rd4 Kd7 27.
Ba4+ Kd8 28. Bb3 Kd7 29. g3 Rhh8 30. Kg2 Rhe8 31. Rxe8 Kxe8 32. Kf3 Ke7 33. Ke2
b6 34. Kd3 Rh8 35. c5 bxc5 36. Ra4 Ra8 37. Bc4 a5 38. Bb3 Nc8 39. Re4+ Kd6 40.
Rf4 f5 41. g4 Ke5 42. Ke3 Nd6 43. Ra4 g5 44. gxf5 Nxf5+ 45. Kd3 Nd6 46. Rg4 Kf5
47. f3 Rf8 48. Bc2 Kf6 49. f4 gxf4 50. Rxf4+ Ke7 51. Ra4 Rf3+ 52. Ke2 Rh3 53.
Rxa5 c4 54. Ra6 Rh5 55. a4 Rxd5 56. Ke3 c3 57. Rc6 Nf5+ 58. Ke4 Ra5 59. Rxc3
Nd6+ 60. Kd4 Kd7 61. Bb3 Nc8 62. Kc4 Na7 63. Kb4 Rg5 64. Bc4 Nc6+ 65. Ka3 Rc5
66. Be6+ Kd6 67. Rxc5 Kxc5 68. a5 1/2-1/2

[Event "10th Norway Blitz 2022"]
[Site "Stavanger NOR"]
[Date "2022.05.30"]
[Round "1.2"]
[White "Giri, Anish"]
[Black "Topalov, Veselin"]
[Result "1-0"]
[WhiteTitle "GM"]
[BlackTitle "GM"]
[WhiteElo "2761"]
[BlackElo "2730"]
[WhiteFideId "24116068"]
[BlackFideId "2900084"]
[EventDate "2022.05.30"]

1. e4 c5 2. Nf3 d6 3. d4 cxd4 4. Nxd4 Nf6 5. Nc3 Nc6 6. Bg5 e6 7. Qd2 a6 8.
O-O-O Bd7 9. Kb1 Nxd4 10. Qxd4 h6 11. Bd2 Be7 12. f3 b5 13. Bd3 e5 14. Qf2 Be6
15. g4 Nd7 16. h4 Rc8 17. Nd5 Nc5 18. Be3 Bxd5 19. exd5 Nxd3 20. Rxd3 Qd7 21.
Rg1 g5 22. hxg5 hxg5 23. Rdd1 Kf8 24. Rh1 Kg7 25. Qd2 f6 26. Qd3 Rce8 27. a3 Bd8
28. Qe4 Qf7 29. a4 Ba5 30. Qd3 Qd7 31. Rh5 bxa4 32. Rdh1 Rxh5 33. gxh5 Qf7 34.
Qf5 a3 35. b3 Rb8 36. Bxg5 fxg5 37. h6+ Kf8 38. h7 Rxb3+ 39. Kc1 Qxf5 40. h8=Q+
Ke7 41. Rh7+ 1-0

[Event "10th Norway Blitz 2022"]
[Site "Stavanger NOR"]
[Date "2022.05.30"]
[Round "1.3"]
[White "Wang, Hao"]
[Black "So, Wesley"]
[Result "1-0"]
[WhiteTitle "GM"]
[BlackTitle "GM"]
[WhiteElo "2744"]
[BlackElo "2776"]
[WhiteFideId "8602883"]
[BlackFideId "5202213"]
[EventDate "2022.05.30"]

1. d4 d5 2. c4 dxc4 3. e4 b5 4. a4 c6 5. axb5 cxb5 6. Nc3 Qb6 7. Nd5 Qb7 8. Bf4
e5 9. Bxe5 Nd7 10. Ne2 Nxe5 11. dxe5 Ne7 12. Nec3 a6 13. Nxb5 Nxd5 14. Qxd5 Bb4+
15. Nc3 Bxc3+ 16. bxc3 Qb2 17. Qa5 Be6 18. Qa3 Qb7 19. f3 Qb6 20. Be2 Qe3 21.
Rd1 a5 22. Qd6 Qxc3+ 23. Kf2 Qb4 24. Qc6+ Ke7 25. Qc7+ Ke8 26. Rd6 Qb8 27. Qc6+
Ke7 28. Rhd1 Rc8 29. Rxe6+ fxe6 30. Rd7+ 1-0

[Event "10th Norway Blitz 2022"]
[Site "Stavanger NOR"]
[Date "2022.05.30"]
[Round "1.5"]
[White "Mamedyarov, Shakhriyar"]
[Black "Vachier-Lagrave, Maxime"]
[Result "1-0"]
[WhiteTitle "GM"]
[BlackTitle "GM"]
[WhiteElo "2759"]
[BlackElo "2750"]
[WhiteFideId "13401319"]
[BlackFideId "623539"]
[EventDate "2022.05.30"]

1. d4 d5 2. c4 dxc4 3. Nf3 Nf6 4. e3 e6 5. Bxc4 a6 6. O-O c5 7. b3 cxd4 8. Nxd4
Be7 9. Be2 O-O 10. Bb2 b5 11. Nd2 Bb7 12. a4 bxa4 13. Rxa4 Nbd7 14. Qa1 Nc5 15.
Ra5 Qb6 16. Nc4 Qc7 17. Rc1 Bd5 18. b4 Ncd7 19. e4 Nxe4 20. Nf5 exf5 21. Rxd5
Qf4 22. Bf3 Ndf6 23. Ne3 Nxd5 24. Nxd5 Qd6 25. Rd1 Rfd8 26. Bxg7 f6 27. Bh6 Qe6
28. Nc7 Qb6 29. Bxe4 fxe4 30. Nxa8 Rxa8 31. Qa2+ Kh8 32. Qf7 1-0

[Event "10th Norway Blitz 2022"]
[Site "Stavanger NOR"]
[Date "2022.05.30"]
[Round "2.2"]
[White "Tari, Aryan"]
[Black "Mamedyarov, Shakhriyar"]
[Result "1-0"]
[WhiteTitle "GM"]
[BlackTitle "GM"]
[WhiteElo "2654"]
[BlackElo "2759"]
[WhiteFideId "1510045"]
[BlackFideId "13401319"]
[EventDate "2022.05.30"]

1. e4 e5 2. Nf3 d6 3. d4 exd4 4. Nxd4 Nf6 5. Nc3 g6 6. g3 Bg7 7. Bg2 O-O 8. O-O
Re8 9. h3 Nc6 10. Nde2 Rb8 11. a4 a6 12. f4 Bd7 13. a5 h5 14. f5 gxf5 15. Bg5
Qc8 16. Bxf6 Bxf6 17. Nf4 Bxc3 18. bxc3 Re5 19. Nxh5 Qd8 20. Qd2 Kh7 21. exf5 f6
22. Ra4 Qe7 23. Rh4 Bxf5 24. Nxf6+ Kg7 25. Qg5+ Kf7 26. Rxf5 1-0

[Event "10th Norway Blitz 2022"]
[Site "Stavanger NOR"]
[Date "2022.05.30"]
[Round "2.3"]
[White "So, Wesley"]
[Black "Anand, Viswanathan"]
[Result "1/2-1/2"]
[WhiteTitle "GM"]
[BlackTitle "GM"]
[WhiteElo "2776"]
[BlackElo "2751"]
[WhiteFideId "5202213"]
[BlackFideId "5000017"]
[EventDate "2022.05.30"]

1. e4 e5 2. Nf3 Nc6 3. Bc4 Bc5 4. c3 Nf6 5. d3 O-O 6. Bg5 Be7 7. Nbd2 d6 8. a4
h6 9. Bh4 Nh5 10. Bg3 g6 11. b4 Bf6 12. O-O Qe7 13. Re1 Nd8 14. d4 Nxg3 15. hxg3
Bg4 16. Be2 Bxf3 17. Nxf3 Ne6 18. b5 c6 19. Rb1 cxb5 20. Rxb5 Rac8 21. Qd2 Ng5
22. Nxg5 Bxg5 23. Qd3 Rc7 24. a5 Rfc8 25. Rb3 h5 26. Reb1 exd4 27. cxd4 Rc1+ 28.
Bf1 Rxb1 29. Qxb1 Rc1 30. Qd3 Qc7 31. f4 Bf6 32. e5 dxe5 33. dxe5 Be7 34. Kh2
Kg7 35. Qf3 b6 36. axb6 axb6 37. Qd3 Re1 38. Rb1 Rxb1 39. Qxb1 Qc5 40. Qe4 Qf2
41. Qe2 Qxe2 1/2-1/2

[Event "10th Norway Blitz 2022"]
[Site "Stavanger NOR"]
[Date "2022.05.30"]
[Round "2.5"]
[White "Radjabov, Teimour"]
[Black "Giri, Anish"]
[Result "1-0"]
[WhiteTitle "GM"]
[BlackTitle "GM"]
[WhiteElo "2753"]
[BlackElo "2761"]
[WhiteFideId "13400924"]
[BlackFideId "24116068"]
[EventDate "2022.05.30"]

1. Nf3 Nf6 2. d4 g6 3. Nc3 d5 4. Bf4 Bg7 5. e3 O-O 6. b4 a5 7. b5 a4 8. Bd3 Nbd7
9. h3 Nb6 10. O-O Bd7 11. Rb1 Qc8 12. Bh2 Re8 13. Ne5 Bf5 14. Qf3 Qe6 15. g4
Bxd3 16. cxd3 Nfd7 17. Nxd7 Qxd7 18. Rfc1 Rec8 19. Kg2 c5 20. bxc6 Rxc6 21. Rxb6
Rxb6 22. Nxd5 Re6 23. Rc7 Qd8 24. Rxb7 Rc8 25. g5 Bf8 26. Nc7 Rd6 27. Bxd6 exd6
28. Ne6 Qe8 29. Nf4 Be7 30. h4 Bd8 31. Nd5 Qe6 32. Ra7 h6 33. Nf4 Qxa2 34. d5
Bc7 35. gxh6 Qb3 36. h5 1-0

[Event "10th Norway Blitz 2022"]
[Site "Stavanger NOR"]
[Date "2022.05.30"]
[Round "3.1"]
[White "Giri, Anish"]
[Black "Carlsen, Magnus"]
[Result "1/2-1/2"]
[WhiteTitle "GM"]
[BlackTitle "GM"]
[WhiteElo "2761"]
[BlackElo "2864"]
[WhiteFideId "24116068"]
[BlackFideId "1503014"]
[EventDate "2022.05.30"]

1. Nf3 Nf6 2. c4 g6 3. Nc3 Bg7 4. e4 d6 5. d4 O-O 6. Be2 Nbd7 7. O-O e5 8. Be3
Qe7 9. Qc2 c6 10. Rad1 exd4 11. Nxd4 a6 12. Rfe1 Re8 13. Bg5 Nc5 14. f3 Ne6 15.
Be3 Nh5 16. Bf1 Be5 17. g3 Nxd4 18. Bxd4 b5 19. Qd2 Be6 20. f4 Bxd4+ 21. Qxd4
Rad8 22. cxb5 axb5 23. a3 Nf6 24. Rd2 Bb3 25. Qf2 d5 26. e5 d4 27. Rxd4 Ng4 28.
Qd2 Qc5 29. Ne2 Bc4 30. Kh1 Bxe2 31. Rxd8 Bf3+ 32. Bg2 Nf2+ 33. Kg1 Nh3+ 34. Kh1
Nf2+ 35. Kg1 1/2-1/2

[Event "10th Norway Blitz 2022"]
[Site "Stavanger NOR"]
[Date "2022.05.30"]
[Round "3.2"]
[White "Wang, Hao"]
[Black "Radjabov, Teimour"]
[Result "1-0"]
[WhiteTitle "GM"]
[BlackTitle "GM"]
[WhiteElo "2744"]
[BlackElo "2753"]
[WhiteFideId "8602883"]
[BlackFideId "13400924"]
[EventDate "2022.05.30"]

1. d4 Nf6 2. c4 e6 3. Nc3 Bb4 4. Qc2 d5 5. a3 Be7 6. Nf3 c5 7. dxc5 Bxc5 8. b4
Bd6 9. e3 Nc6 10. Bb2 Qe7 11. Be2 O-O 12. O-O dxc4 13. Bxc4 Ne5 14. Nxe5 Bxe5
15. f4 Bc7 16. Ne4 Nd5 17. Ng5 f5 18. Bxd5 exd5 19. Bd4 Re8 20. Rfe1 Bd6 21.
Rac1 h6 22. Nf3 a5 23. Bc5 axb4 24. axb4 Be6 25. Nd4 b6 26. Bxd6 Qxd6 27. Qc6
Rad8 28. Qxd6 Rxd6 29. Kf2 Rd7 30. Rc6 Bf7 31. Rxb6 Ra7 32. b5 Bh5 33. Ra6 Rc7
34. Rc6 Ra7 35. Rc2 g5 36. g3 Kh7 37. b6 Ra6 38. Rb1 Rb8 39. Rc7+ Kg6 40. Rc6+
Kh7 41. Rb2 Be8 42. Rc7+ Kg6 43. b7 gxf4 44. gxf4 Kh5 45. Rc8 1-0

[Event "10th Norway Blitz 2022"]
[Site "Stavanger NOR"]
[Date "2022.05.30"]
[Round "3.4"]
[White "Mamedyarov, Shakhriyar"]
[Black "So, Wesley"]
[Result "1/2-1/2"]
[WhiteTitle "GM"]
[BlackTitle "GM"]
[WhiteElo "2759"]
[BlackElo "2776"]
[WhiteFideId "13401319"]
[BlackFideId "5202213"]
[EventDate "2022.05.30"]

1. d4 d5 2. c4 dxc4 3. Nf3 Nf6 4. e3 e6 5. Bxc4 c5 6. O-O a6 7. b3 cxd4 8. Nxd4
Be7 9. Be2 O-O 10. Bb2 b5 11. Nd2 Bb7 12. a4 Nc6 13. axb5 Nxd4 14. Bxd4 axb5 15.
Bf3 Qd7 16. h3 h6 17. Qb1 Rxa1 18. Qxa1 Ra8 19. Qb2 Ne8 20. Rd1 f6 21. Bxb7 Qxb7
22. b4 Rc8 23. Qb3 Kf7 24. Ra1 Ra8 25. Rc1 Rc8 26. Ra1 Ra8 27. Rc1 Rc8 28. Rxc8
Qxc8 29. Bc5 Bxc5 30. Qc3 Qc6 31. Nb3 Nc7 32. bxc5 e5 33. Qa5 Ke7 34. Qb4 Na6
35. Qg4 Kf7 36. Qh5+ Kf8 37. Qe2 Ke7 38. Qd3 Nxc5 39. Qc3 Kd6 40. Qb4 Qd5 41.
Na5 Qd1+ 42. Kh2 Qa4 43. Nb7+ Kc6 44. Qxc5+ Kxb7 45. Qe7+ Ka6 46. Qxg7 b4 47.
Qxf6+ Ka7 48. Qe7+ Ka6 49. Qf6+ Ka7 50. Qg7+ Ka8 51. Qf8+ Ka7 52. Qe7+ Ka6 53.
Qd6+ Ka7 54. Qc5+ Ka6 55. Qc8+ Ka7 56. Qc7+ Ka6 57. Qd6+ Ka7 58. Qe7+ Ka6 1/2-1/2

[Event "10th Norway Blitz 2022"]
[Site "Stavanger NOR"]
[Date "2022.05.30"]
[Round "3.5"]
[White "Vachier-Lagrave, Maxime"]
[Black "Tari, Aryan"]
[Result "0-1"]
[WhiteTitle "GM"]
[BlackTitle "GM"]
[WhiteElo "2750"]
[BlackElo "2654"]
[WhiteFideId "623539"]
[BlackFideId "1510045"]
[EventDate "2022.05.30"]

1. Nf3 Nf6 2. g3 c5 3. Bg2 Nc6 4. c4 d5 5. cxd5 Nxd5 6. Nc3 Nxc3 7. dxc3 Qxd1+
8. Kxd1 Bf5 9. Nd2 O-O-O 10. e4 Be6 11. Kc2 g6 12. Nf3 f6 13. Be3 b6 14. h4 h5
15. Nd2 Ne5 16. f4 Ng4 17. Rhe1 Bh6 18. Bg1 Bf7 19. a4 e5 20. a5 Kb7 21. Rf1 Rd7
22. axb6 axb6 23. b3 Rhd8 24. Nf3 exf4 25. e5 Bd5 26. Rae1 f5 27. e6 Re7 28. Kb2
Be4 29. gxf4 Bxf4 30. Ng5 Rd2+ 31. Ka3 Bxg5 32. Bxe4+ fxe4 33. hxg5 Kc6 34. Rf7
Rxe6 35. b4 cxb4+ 36. cxb4 Kb5 37. Rc1 Rd3+ 38. Kb2 e3 0-1

[Event "10th Norway Blitz 2022"]
[Site "Stavanger NOR"]
[Date "2022.05.30"]
[Round "4.2"]
[White "So, Wesley"]
[Black "Vachier-Lagrave, Maxime"]
[Result "1-0"]
[WhiteTitle "GM"]
[BlackTitle "GM"]
[WhiteElo "2776"]
[BlackElo "2750"]
[WhiteFideId "5202213"]
[BlackFideId "623539"]
[EventDate "2022.05.30"]

1. Nf3 d5 2. g3 g6 3. Bg2 Bg7 4. O-O Nf6 5. c4 c6 6. b3 Bg4 7. Bb2 O-O 8. d4
Bxf3 9. Bxf3 a5 10. Nc3 e6 11. e3 Na6 12. Qe2 Rb8 13. Rac1 Qd7 14. c5 Qe7 15.
Bg2 e5 16. dxe5 Nd7 17. f4 Ndxc5 18. e4 d4 19. Nd1 Rbd8 20. Nf2 Rd7 21. Bh3 Rdd8
22. Rfd1 g5 23. Bxd4 gxf4 24. gxf4 Ne6 25. Be3 Qh4 26. Qg4 Qxg4+ 27. Nxg4 Rxd1+
28. Rxd1 Rd8 29. Rxd8+ Nxd8 30. Bf1 Nb4 31. a4 Nc2 32. Bd2 Ne6 33. Bc4 b6 34.
Kf2 Nc5 35. Ke2 Nd4+ 36. Ke3 Nc2+ 37. Ke2 Nd4+ 38. Kd1 b5 39. axb5 cxb5 40. Bd5
Ndxb3 41. Be3 a4 42. Kc2 h5 43. Nf6+ Bxf6 44. exf6 Nd7 45. e5 Nbc5 46. f5 b4 47.
e6 Nxf6 48. exf7+ 1-0

[Event "10th Norway Blitz 2022"]
[Site "Stavanger NOR"]
[Date "2022.05.30"]
[Round "4.3"]
[White "Topalov, Veselin"]
[Black "Mamedyarov, Shakhriyar"]
[Result "0-1"]
[WhiteTitle "GM"]
[BlackTitle "GM"]
[WhiteElo "2730"]
[BlackElo "2759"]
[WhiteFideId "2900084"]
[BlackFideId "13401319"]
[EventDate "2022.05.30"]

1. c4 e5 2. b3 g6 3. Bb2 Bg7 4. Nf3 Nc6 5. e3 d6 6. Be2 f5 7. d4 e4 8. Nfd2 Nf6
9. a3 O-O 10. Nc3 Ne7 11. d5 c5 12. dxc6 bxc6 13. b4 g5 14. Nb3 f4 15. Qd2 Kh8
16. O-O-O d5 17. Na4 Nf5 18. g4 fxe3 19. fxe3 Nh4 20. h3 Qe8 21. Qc2 Be6 22.
Nac5 Bg8 23. Na5 Rc8 24. Rhf1 Qg6 25. Kb1 dxc4 26. Nxc4 Nd5 27. Nxe4 Ng2 28.
Ned6 Qxc2+ 29. Kxc2 Ndxe3+ 30. Kb1 Nxd1 31. Bxg7+ Kxg7 32. Rxd1 Rcd8 33. Nf5+
Kh8 34. Ncd6 Nf4 35. Bf1 Nd5 36. Kb2 Rxd6 37. Nxd6 Ne3 38. Re1 Nxf1 39. Nf5 Nd2
40. Kc3 Nc4 41. a4 Nb6 0-1

[Event "10th Norway Blitz 2022"]
[Site "Stavanger NOR"]
[Date "2022.05.30"]
[Round "4.4"]
[White "Radjabov, Teimour"]
[Black "Anand, Viswanathan"]
[Result "1/2-1/2"]
[WhiteTitle "GM"]
[BlackTitle "GM"]
[WhiteElo "2753"]
[BlackElo "2751"]
[WhiteFideId "13400924"]
[BlackFideId "5000017"]
[EventDate "2022.05.30"]

1. d4 Nf6 2. c4 e6 3. Nf3 d5 4. Nc3 Bb4 5. Bg5 h6 6. Bxf6 Qxf6 7. e3 O-O 8. cxd5
exd5 9. Qb3 Qd6 10. Bd3 c6 11. O-O Nd7 12. Rac1 Ba5 13. e4 Bxc3 14. bxc3 dxe4
15. Bxe4 Nf6 16. Bd3 b5 17. c4 Be6 18. Qc2 bxc4 19. Bxc4 Rfe8 20. Rfe1 Bxc4 21.
Qxc4 Rxe1+ 22. Rxe1 Rc8 23. Ne5 Qd5 24. Rc1 Qxc4 25. Rxc4 Rb8 26. h3 Rb1+ 27.
Kh2 Rb2 28. Rxc6 Rxa2 29. Rc8+ Kh7 30. Nxf7 Rxf2 31. Ra8 Ng4+ 32. hxg4 Rxf7 33.
Kg3 Rd7 34. Kf3 Rxd4 35. Rxa7 1/2-1/2

[Event "10th Norway Blitz 2022"]
[Site "Stavanger NOR"]
[Date "2022.05.30"]
[Round "4.5"]
[White "Giri, Anish"]
[Black "Wang, Hao"]
[Result "1-0"]
[WhiteTitle "GM"]
[BlackTitle "GM"]
[WhiteElo "2761"]
[BlackElo "2744"]
[WhiteFideId "24116068"]
[BlackFideId "8602883"]
[EventDate "2022.05.30"]

1. e4 c5 2. Nf3 Nc6 3. Bb5 g6 4. O-O Bg7 5. Re1 e5 6. Bxc6 dxc6 7. d3 Qe7 8. a3
Nf6 9. b4 O-O 10. bxc5 Qxc5 11. a4 Re8 12. Ba3 Qa5 13. Nbd2 Be6 14. Qb1 Qc7 15.
a5 h6 16. Qb4 Nd7 17. Reb1 b6 18. axb6 axb6 19. Bb2 b5 20. Bc3 Rxa1 21. Rxa1 Rb8
22. Qb1 c5 23. Nf1 b4 24. Bb2 c4 25. dxc4 Qxc4 26. N3d2 Qe2 27. Qd1 Qxd1 28.
Rxd1 Nc5 29. Ra1 Bd7 30. Ra5 Bb5 31. c4 bxc3 32. Bxc3 Ne6 33. Ne3 Nd4 34. Bxd4
exd4 35. Nd5 Bd7 36. Kf1 Be6 37. Ke2 Kh7 38. h3 f5 39. f3 fxe4 40. fxe4 Rf8 41.
Nf3 Rc8 42. Kd3 Rb8 43. Nxd4 Bg8 44. Ra7 Kh8 45. Nf4 Rd8 46. Nxg6+ Kh7 47. Ne5
Kh8 48. Nf3 Bh7 49. Re7 Bf6 50. Re6 Kg7 51. Ke3 Kf7 52. Ra6 Re8 53. Ra7+ Kg8 54.
e5 Bxe5 55. Nxe5 Rxe5+ 56. Kf2 Be4 57. Rc7 Rd5 58. Rc4 Bd3 59. Rb4 Bg6 60. g3
Rd7 61. Ne6 Kf7 62. Nf4 Kg7 63. Rb6 Bf7 64. Ke3 Re7+ 65. Kf3 Ra7 66. Kg4 Rc7 67.
Ra6 Rb7 68. Ra5 Rc7 69. Kf5 Rb7 70. Rc5 Ra7 71. h4 Re7 72. g4 Ra7 73. Ke5 Re7+
74. Kd6 Re4 75. Rf5 Kg8 76. Kc5 Kg7 77. Kc6 Kg8 78. Kd7 Kg7 79. Kd6 Kg8 80. g5
hxg5 81. hxg5 Kg7 82. Rf6 Re1 83. Rf5 Re4 84. Kc6 Re1 85. Kc5 Re4 86. Kd6 Re1
87. Rc5 Rd1+ 88. Ke5 Rd7 89. Kf5 Ra7 90. Re5 Ra6 91. Kg4 Kg8 92. Re7 Kf8 93. Rc7
Rb6 94. Nd3 Be6+ 95. Kf4 Bf7 96. Ne5 Be8 97. Kf5 Rb5 98. Ra7 Rc5 99. Ke6 Rb5
100. Ra8 Rb6+ 101. Kf5 Ke7 102. Ra7+ Kf8 103. Rc7 Ra6 104. Rh7 Kg8 105. Re7 Kf8
106. Rb7 Rd6 107. Ra7 Rb6 108. Ke4 Rb1 109. Ng4 Rb4+ 110. Kf5 Rb5+ 111. Ne5 Rb6
112. g6 Rb1 113. Ng4 Bxg6+ 114. Kxg6 Ke8 115. Ne5 Rf1 116. Rb7 Kd8 117. Kg5 Kc8
118. Rh7 Kd8 119. Ng6 Kc8 120. Nf4 Rd1 121. Kf5 Rd7 122. Rh6 Kc7 123. Ke5 Kb7
124. Nd5 Rg7 125. Rb6+ Ka7 126. Rb1 Rg6 127. Kd4 Rc6 128. Rb2 Rc8 129. Ke5 Rc6
130. Rb3 Rc4 131. Kd6 Rc1 132. Nb4 Rd1+ 133. Kc7 Ra1 134. Nc6+ 1-0

[Event "10th Norway Blitz 2022"]
[Site "Stavanger NOR"]
[Date "2022.05.30"]
[Round "5.2"]
[White "Anand, Viswanathan"]
[Black "Giri, Anish"]
[Result "0-1"]
[WhiteTitle "GM"]
[BlackTitle "GM"]
[WhiteElo "2751"]
[BlackElo "2761"]
[WhiteFideId "5000017"]
[BlackFideId "24116068"]
[EventDate "2022.05.30"]

1. e4 c5 2. Nf3 d6 3. d4 cxd4 4. Nxd4 Nf6 5. Nc3 a6 6. a4 e5 7. Nf3 Be7 8. Bg5
Be6 9. Bxf6 Bxf6 10. Nd5 Nd7 11. Bc4 Rc8 12. Qe2 Nb6 13. Nxb6 Qxb6 14. Bxe6 fxe6
15. c3 O-O 16. O-O Qc6 17. Ne1 Bd8 18. Nd3 a5 19. Kh1 b5 20. f4 bxa4 21. fxe5
Be7 22. Rfd1 d5 23. exd5 exd5 24. Qg4 a3 25. bxa3 Kh8 26. h3 Qc4 27. Qd7 Bh4 28.
e6 Qe4 29. Qa7 Qxe6 30. Qxa5 Qe4 31. Qb4 Rf7 32. Nc5 Qxb4 33. cxb4 d4 34. Nd3
Bg3 35. a4 Rc3 36. a5 Rb3 37. a6 Ra7 38. Kg1 h6 39. Kf1 Kh7 40. Ke2 Re7+ 41. Kd2
Re3 42. a7 0-1

[Event "10th Norway Blitz 2022"]
[Site "Stavanger NOR"]
[Date "2022.05.30"]
[Round "5.3"]
[White "Mamedyarov, Shakhriyar"]
[Black "Radjabov, Teimour"]
[Result "1/2-1/2"]
[WhiteTitle "GM"]
[BlackTitle "GM"]
[WhiteElo "2759"]
[BlackElo "2753"]
[WhiteFideId "13401319"]
[BlackFideId "13400924"]
[EventDate "2022.05.30"]

1. d4 d5 2. c4 c6 3. Nf3 Nf6 4. cxd5 cxd5 5. Nc3 Nc6 6. Bf4 e6 7. e3 Bd6 8. Bxd6
Qxd6 9. Be2 O-O 10. O-O Bd7 11. a3 Rfc8 12. Rc1 Be8 13. Bd3 g6 14. h3 Kg7 15.
Qe2 a6 16. e4 dxe4 17. Nxe4 Nxe4 18. Qxe4 Rc7 19. Rc3 Rac8 20. Rfc1 Ne7 21. Rxc7
Rxc7 22. Rxc7 Qxc7 23. Qe5+ Qxe5 24. dxe5 Bc6 25. Nd4 Bd5 26. Ne2 f6 27. exf6+
Kxf6 28. f4 e5 29. Kf2 exf4 30. Nxf4 Bc6 31. g3 Nd5 32. Nxd5+ Bxd5 33. Ke3 Ke5
34. h4 a5 35. Bc2 b6 36. Bd3 Be6 37. Bc2 Bd5 38. Bd3 Be6 39. Bc2 Bd5 40. Bd3 Be6
41. Bc2 1/2-1/2

[Event "10th Norway Blitz 2022"]
[Site "Stavanger NOR"]
[Date "2022.05.30"]
[Round "5.4"]
[White "Vachier-Lagrave, Maxime"]
[Black "Topalov, Veselin"]
[Result "0-1"]
[WhiteTitle "GM"]
[BlackTitle "GM"]
[WhiteElo "2750"]
[BlackElo "2730"]
[WhiteFideId "623539"]
[BlackFideId "2900084"]
[EventDate "2022.05.30"]

1. e4 c5 2. Nf3 d6 3. d4 cxd4 4. Nxd4 Nf6 5. Nc3 Nc6 6. Bc4 Qb6 7. Nxc6 bxc6 8.
O-O g6 9. b3 Bg7 10. Bb2 O-O 11. Qe1 Qc7 12. f4 d5 13. exd5 cxd5 14. Bd3 Ba6 15.
Bxa6 Qb6+ 16. Kh1 Qxa6 17. Qxe7 d4 18. Qe2 Qc6 19. Nb5 Rfe8 20. Qd3 Ng4 21. Nxd4
Qc5 22. c3 Re3 23. Qd2 Rae8 24. h3 Qh5 25. Rae1 Bxd4 26. cxd4 Rxh3+ 27. gxh3
Qxh3+ 28. Kg1 Rxe1 29. Rxe1 Qg3+ 30. Kf1 Nh2+ 31. Qxh2 Qxh2 32. Ba1 Qxf4+ 33.
Ke2 h5 34. Kd3 h4 35. d5 Qf3+ 36. Kc4 g5 37. Be5 h3 38. d6 f6 39. Bd4 Qc6+ 40.
Bc5 h2 41. Kd4 0-1

[Event "10th Norway Blitz 2022"]
[Site "Stavanger NOR"]
[Date "2022.05.30"]
[Round "5.5"]
[White "Tari, Aryan"]
[Black "So, Wesley"]
[Result "0-1"]
[WhiteTitle "GM"]
[BlackTitle "GM"]
[WhiteElo "2654"]
[BlackElo "2776"]
[WhiteFideId "1510045"]
[BlackFideId "5202213"]
[EventDate "2022.05.30"]

1. e4 e5 2. Nf3 Nc6 3. Bb5 Nf6 4. O-O Nxe4 5. d4 Nd6 6. dxe5 Nxb5 7. a4 d6 8.
axb5 Nxe5 9. Nd4 Be7 10. Nc3 O-O 11. Nd5 Re8 12. Ra3 Bg4 13. Qe1 Bf8 14. Qb4 Qd7
15. Rg3 Kh8 16. h3 Bh5 17. Qc3 c5 18. bxc6 bxc6 19. Nf4 Bg6 20. Nxg6+ hxg6 21.
f4 c5 22. fxe5 cxd4 23. Qxd4 Rxe5 24. Bf4 Rf5 25. Rgf3 Rc8 26. c3 Kg8 27. Be3 a5
28. Rxf5 gxf5 29. Qd5 Qe6 30. Qf3 g6 31. Rd1 a4 32. Rd2 a3 33. bxa3 Rxc3 34. Re2
Rxa3 35. Qf2 Ra1+ 36. Kh2 Bg7 37. Bf4 Be5 38. Bxe5 dxe5 39. Qc5 e4 40. Rd2 Ra8
41. Rd6 Qc8 42. Qd5 Qb8 43. Qe5 Qf8 44. Rd7 Re8 45. Qg3 Rd8 46. Rb7 Qd6 47. h4
Kg7 48. Kh3 Qxg3+ 49. Kxg3 Rd2 50. Rb6 Ra2 51. Rc6 Ra7 52. Kf4 Re7 53. Rc3 Kh6
54. g3 Rd7 55. Rb3 Rd3 56. Rb8 Rf3+ 57. Ke5 Kg7 58. g4 fxg4 59. Kxe4 Rh3 60. Kf4
Rxh4 0-1

[Event "10th Norway Blitz 2022"]
[Site "Stavanger NOR"]
[Date "2022.05.30"]
[Round "6.1"]
[White "Carlsen, Magnus"]
[Black "So, Wesley"]
[Result "0-1"]
[WhiteTitle "GM"]
[BlackTitle "GM"]
[WhiteElo "2864"]
[BlackElo "2776"]
[WhiteFideId "1503014"]
[BlackFideId "5202213"]
[EventDate "2022.05.30"]

1. a4 Nf6 2. Nf3 g6 3. g3 Bg7 4. Bg2 O-O 5. d4 d5 6. O-O c5 7. dxc5 Na6 8. Nc3
Nxc5 9. Be3 b6 10. a5 Bb7 11. Bd4 e6 12. Ra3 Qe7 13. Qa1 Ncd7 14. Ne5 Nxe5 15.
Bxe5 Bc6 16. axb6 axb6 17. Rxa8 Rxa8 18. Qd1 Bf8 19. Qd3 Nd7 20. Bd4 Qb4 21. Rb1
Rc8 22. Nd1 Bb5 23. Qe3 Rxc2 24. Bc3 Qc5 25. Bf1 e5 26. Qxc5 Bxc5 27. e3 Bxf1
28. Kxf1 d4 29. exd4 exd4 30. Be1 Ne5 31. b4 Bd6 32. Rb3 Rc1 33. Nb2 d3 34. Nxd3
Nxd3 0-1

[Event "10th Norway Blitz 2022"]
[Site "Stavanger NOR"]
[Date "2022.05.30"]
[Round "6.3"]
[White "Radjabov, Teimour"]
[Black "Vachier-Lagrave, Maxime"]
[Result "0-1"]
[WhiteTitle "GM"]
[BlackTitle "GM"]
[WhiteElo "2753"]
[BlackElo "2750"]
[WhiteFideId "13400924"]
[BlackFideId "623539"]
[EventDate "2022.05.30"]

1. Nf3 d5 2. d4 Nf6 3. c4 dxc4 4. e3 e6 5. Bxc4 a6 6. b3 c5 7. Bb2 cxd4 8. Nxd4
Be7 9. O-O O-O 10. Nd2 b5 11. Be2 Bb7 12. Rc1 h6 13. Bf3 Nd5 14. Ne4 Qb6 15. Ng3
Rd8 16. Nh5 Nf6 17. Qe2 Nxh5 18. Bxb7 Qxb7 19. Qxh5 Bf6 20. Ba1 Rd5 21. Qf3 Bxd4
22. Bxd4 Nc6 23. Bc3 Rad8 24. h3 Qd7 25. Rc2 b4 26. Bb2 a5 27. Qg4 Ne5 28. Qg3
Ng6 29. Kh2 Rg5 30. Qc7 Qxc7+ 31. Rxc7 Rd2 32. Bc1 Rxa2 33. e4 Rb5 34. Be3 a4
35. Rb1 a3 36. Rc4 Ne5 37. Rd4 Rc2 38. Rbd1 Nc6 39. Rd7 a2 40. Rc7 Ra5 41. Ra1
Ra6 42. Rb7 Rc3 43. Rb6 Rxb6 44. Bxb6 Rc2 45. f4 e5 46. Kg3 Nd4 0-1